[Event "Open A Befana"]
[Site "Milano ITA"]
[Date "2012.01.06"]
[Round "5"]
[White "Doric, Nenad"]
[Black "Marholev, Dimitar"]
[Result "1/2-1/2"]
[WhiteElo "2327"]
[BlackElo "2370"]
[PlyCount "28"]
[EventDate "2012.01.02"]

1. e4 e5 2. Nf3 Nc6 3. Bb5 a6 4. Ba4 Nf6 5. O-O Be7 6. Re1 b5 7. Bb3 d6 8. c3
O-O 9. h3 Na5 10. Bc2 c5 11. d4 Qc7 12. Nbd2 cxd4 13. cxd4 Bb7 14. d5 Bc8
1/2-1/2

[Event "Open A Befana"]
[Site "Milano ITA"]
[Date "2012.01.06"]
[Round "5"]
[White "Fercec, Nenad"]
[Black "Vuelban, Virgilio"]
[Result "1-0"]
[WhiteElo "2462"]
[BlackElo "2347"]
[PlyCount "53"]
[EventDate "2012.01.02"]

1. e4 e6 2. d4 d5 3. Nc3 Nf6 4. Bg5 Be7 5. e5 Nfd7 6. Bxe7 Qxe7 7. Qg4 O-O 8.
Bd3 c5 9. Nf3 f5 10. exf6 Nxf6 11. Qh4 Nc6 12. dxc5 Qxc5 13. O-O-O Bd7 14. Kb1
b5 15. g4 g6 16. Qg5 b4 17. Ne2 Qe7 18. Ned4 Nxd4 19. Nxd4 e5 20. Nf5 Bxf5 21.
gxf5 e4 22. Be2 Qe5 23. Rhg1 Kg7 24. f4 exf3 25. Bxf3 Rac8 26. Bxd5 Nxd5 27.
Rxd5 1-0

[Event "Open A Befana"]
[Site "Milano ITA"]
[Date "2012.01.06"]
[Round "5"]
[White "Gonella, Daniele"]
[Black "Astengo, Corrado"]
[Result "1/2-1/2"]
[WhiteElo "2100"]
[BlackElo "2109"]
[PlyCount "100"]
[EventDate "2012.01.02"]

1. e4 c5 2. Nf3 e6 3. c3 d5 4. exd5 Qxd5 5. d4 Nf6 6. Na3 cxd4 7. Nb5 Na6 8.
Qxd4 Bc5 9. Qxd5 Nxd5 10. Be2 Nac7 11. O-O Nxb5 12. Bxb5+ Bd7 13. Bc4 Nb6 14.
Be2 f6 15. Nd2 Nd5 16. Bf3 Bc6 17. Nb3 Bb6 18. Bd2 Kf7 19. a4 a6 20. c4 Ne7 21.
Be2 Rad8 22. Bc3 Nf5 23. Rfe1 Nd4 24. Nxd4 Bxd4 25. Bxd4 Rxd4 26. b4 Rhd8 27.
f3 a5 28. b5 Be8 29. Kf2 e5 30. c5 Rc8 31. Rec1 Ke7 32. Ra3 Rd5 33. Rac3 Rd4
34. Bd1 f5 35. Re3 Rd5 36. Bb3 Rdxc5 37. Rxe5+ Rxe5 38. Rxc8 Kd6 39. Rc1 Re7
40. h4 Bg6 41. Bd1 Bf7 42. Rc8 Re8 43. Rxe8 Bxe8 44. Ke3 Ke5 45. Bb3 f4+ 46.
Kd3 b6 47. Bg8 h6 48. Bb3 Bd7 49. Kc3 Bf5 50. Bd1 Be6 1/2-1/2

[Event "Open A Befana"]
[Site "Milano ITA"]
[Date "2012.02.04"]
[Round "5"]
[White "Guzzetti, Luigi Enrico"]
[Black "Virzi, Ettore"]
[Result "1/2-1/2"]
[WhiteElo "1905"]
[BlackElo "1960"]
[PlyCount "46"]
[EventDate "2012.01.02"]

1. e4 e5 2. Nf3 Nc6 3. Bb5 a6 4. Ba4 Nf6 5. O-O b5 6. Bb3 Bc5 7. c3 d6 8. Re1
O-O 9. d4 Bb6 10. h3 Bb7 11. d5 Ne7 12. Nbd2 c6 13. dxc6 Bxc6 14. a4 Ng6 15.
Bc2 Re8 16. Nf1 Qc7 17. Ng3 Nf4 18. Be3 Bxe3 19. Rxe3 d5 20. axb5 axb5 21. Rxa8
Bxa8 22. exd5 N6xd5 23. Re1 g6 1/2-1/2

[Event "Open A Befana"]
[Site "Milano ITA"]
[Date "2012.01.06"]
[Round "5"]
[White "Lanzani, Mario"]
[Black "Zufic, Miroslav"]
[Result "0-1"]
[WhiteElo "2347"]
[BlackElo "2427"]
[PlyCount "42"]
[EventDate "2012.01.02"]

1. e4 c5 2. Nf3 d6 3. d4 cxd4 4. Nxd4 Nf6 5. Nc3 a6 6. Be3 e5 7. Nb3 Be7 8. h3
O-O 9. Qf3 b5 10. a3 Nc6 11. O-O-O b4 12. axb4 Nxb4 13. g4 Be6 14. g5 Nd7 15.
h4 a5 16. Bb5 a4 17. Nxa4 Qc7 18. Nc3 Rfc8 19. Kb1 Ra2 20. Qe2 Rxb2+ 21. Kxb2
Qxc3+ 0-1

[Event "Open A Befana"]
[Site "Milano ITA"]
[Date "2012.01.06"]
[Round "5"]
[White "Martinez, Rolly"]
[Black "Vezzosi, Paolo"]
[Result "1/2-1/2"]
[WhiteElo "2422"]
[BlackElo "2282"]
[PlyCount "230"]
[EventDate "2012.01.02"]

1. e4 c6 2. d4 d5 3. exd5 cxd5 4. c4 Nf6 5. Nc3 Nc6 6. Bg5 Be6 7. Bxf6 gxf6 8.
Nf3 Bg7 9. Be2 O-O 10. O-O Qa5 11. cxd5 Bxd5 12. Nxd5 Qxd5 13. Qa4 Qa5 14. Qxa5
Nxa5 15. d5 Rfc8 16. Nd4 Nc4 17. Nf5 Bf8 18. b3 Ne5 19. f4 Ng6 20. Bc4 Rc5 21.
a4 a6 22. g3 Rd8 23. Ne3 b5 24. axb5 axb5 25. Ra5 e6 26. Be2 exd5 27. Rd1 Re8
28. Kf2 d4 29. Rxd4 Rc3 30. Nd5 Bc5 31. Nxf6+ Kh8 32. Nxe8 Bxd4+ 33. Kg2 Rxb3
34. Rxb5 Rxb5 35. Bxb5 Kg8 36. Bc4 Kf8 37. Nd6 f6 38. Bd3 Bc5 39. Nf5 Ke8 40.
Be2 Nf8 41. Bc4 Kd7 42. Kf3 Ne6 43. Kg4 Bf8 44. Nh4 Ng7 45. Bg8 h6 46. Kf3 f5
47. Ng6 Bc5 48. Bb3 Ne6 49. Ba4+ Kd6 50. Kg2 Nd4 51. Ne5 Ke7 52. Bd1 Bd6 53.
Nd3 Kf6 54. Kh3 Kg6 55. Nb2 Be7 56. Nc4 Bf6 57. Ne3 Bd8 58. Ba4 h5 59. Be8+ Kh6
60. Bf7 h4 61. g4 fxg4+ 62. Kxg4 Ne2 63. Nd5 Kg7 64. Be8 Kh6 65. Kf3 Nd4+ 66.
Ke4 Nb3 67. Ke5 Nd2 68. Kf5 Kg7 69. Ba4 Nc4 70. Bb3 Nb6 71. Ne3 Nd7 72. Ng2 Nc5
73. Bc4 Nd7 74. Kg4 Nf8 75. h3 Ng6 76. Bd3 Nf8 77. Bf5 Bf6 78. Ne1 Bd8 79. Nf3
Be7 80. Ng5 Bd6 81. Nf3 Be7 82. Nxh4 Bd6 83. Nf3 Kf6 84. Nd2 Bc7 85. Ne4+ Kg7
86. Nc3 Bb6 87. Nd5 Bd4 88. Kg5 Bb2 89. h4 Bd4 90. h5 Bb2 91. h6+ Kf7 92. Ne3
Bf6+ 93. Kh5 Bb2 94. Ng4 Bc3 95. Kg5 Bb2 96. Ne5+ Kg8 97. Kh5 Bc3 98. Bc2 Kh8
99. Bb3 Bb2 100. Kg5 Bc3 101. Nf7+ Kh7 102. Bc2+ Kg8 103. Nd6 Ne6+ 104. Kg4 Nf8
105. Ne4 Bb2 106. Ng5 Bc3 107. Bf5 Bb2 108. Kf3 Bc3 109. Bb1 Bb2 110. Ke4 Kh8
111. Kf5 Bc3 112. Nf7+ Kg8 113. Ne5 Kh8 114. Kf6 Nd7+ 115. Ke6 Nxe5 1/2-1/2

[Event "Open A Befana"]
[Site "Milano ITA"]
[Date "2012.01.06"]
[Round "5"]
[White "Miracola, Massimiliano"]
[Black "Montani, Francesco"]
[Result "1-0"]
[WhiteElo "2084"]
[BlackElo "2209"]
[PlyCount "71"]
[EventDate "2012.01.02"]

1. e4 e5 2. Nf3 Nc6 3. Nc3 Nf6 4. Bb5 Bb4 5. O-O O-O 6. d3 d6 7. Bg5 Bxc3 8.
bxc3 h6 9. Bh4 Qe7 10. Re1 Nd8 11. d4 Ne6 12. dxe5 dxe5 13. Nxe5 Qc5 14. Bxf6
Qxb5 15. Ng4 h5 16. Ne3 gxf6 17. Nd5 Rd8 18. Qxh5 Rxd5 19. exd5 Ng7 20. Qh6 Bf5
21. Re3 Qb2 22. Rae1 Qxc2 23. Qxf6 Bg6 24. g4 Qxa2 25. h4 Qa4 26. Qe5 Bc2 27.
h5 f6 28. Qxf6 Rf8 29. Qh4 Qf4 30. Rh3 a5 31. h6 Ne8 32. Rhe3 Nf6 33. Rf3 Qd2
34. Ree3 Nh7 35. Rxf8+ Nxf8 36. Qg5+ 1-0

[Event "Open A Befana"]
[Site "Milano ITA"]
[Date "2012.01.06"]
[Round "5"]
[White "Motola, Jacopo"]
[Black "Cantu', Guido"]
[Result "0-1"]
[WhiteElo "1945"]
[BlackElo "1914"]
[PlyCount "84"]
[EventDate "2012.01.02"]

1. e4 c5 2. Nf3 d6 3. d4 cxd4 4. Qxd4 Nc6 5. Bb5 Bd7 6. Bxc6 bxc6 7. c4 e5 8.
Qd3 Be7 9. Nc3 h6 10. Be3 Qc7 11. Rd1 Nf6 12. h3 Rb8 13. Rd2 Be6 14. O-O O-O
15. Rfd1 Nd7 16. Nd5 cxd5 17. cxd5 Bxh3 18. gxh3 Nc5 19. Qc2 Qd7 20. Bxc5 Rfc8
21. Bxd6 Rxc2 22. Bxb8 Rxd2 23. Rxd2 Bd6 24. Nxe5 Qe7 25. Bxd6 Qg5+ 26. Kf1
Qxd2 27. Nc6 Qxb2 28. e5 Qxa2 29. Bb4 Qc4+ 30. Kg1 Kh7 31. Bd6 Qxd5 32. Nxa7
Qd1+ 33. Kg2 Qa4 34. Bc5 Qe4+ 35. Kg1 Qxe5 36. Be3 Qa1+ 37. Kg2 Qa6 38. Kh2 f5
39. Kg3 g5 40. f4 Kg6 41. h4 gxh4+ 42. Kxh4 Qe2 0-1

[Event "Open A Befana"]
[Site "Milano ITA"]
[Date "2012.01.06"]
[Round "5"]
[White "Swannie, Douglas"]
[Black "Cani, Gazmir"]
[Result "0-1"]
[WhiteElo "1932"]
[BlackElo "2150"]
[PlyCount "68"]
[EventDate "2012.01.02"]

1. d4 Nf6 2. c4 c5 3. d5 e6 4. Nc3 exd5 5. cxd5 Bd6 6. Nf3 O-O 7. e4 a6 8. a4
Re8 9. Bd3 Bc7 10. O-O d6 11. h3 Nbd7 12. Bg5 Rb8 13. Re1 h6 14. Bh4 Ne5 15.
Nxe5 dxe5 16. Qe2 Qd6 17. Nd1 Nh7 18. Ne3 Qg6 19. Nf5 Ng5 20. Bg3 c4 21. Bc2 b5
22. h4 Nh7 23. h5 Qf6 24. Bh4 Ng5 25. Kf1 Bb6 26. a5 Bd4 27. Ra2 Bxf5 28. exf5
Rec8 29. Bg3 b4 30. Bb1 c3 31. bxc3 bxc3 32. f4 exf4 33. Bxf4 Rxb1 34. Rxb1
Qxf5 0-1

[Event "Open A Befana"]
[Site "Milano ITA"]
[Date "2012.01.06"]
[Round "6"]
[White "Astengo, Corrado"]
[Black "Guzzetti, Luigi Enrico"]
[Result "1-0"]
[WhiteElo "2109"]
[BlackElo "1905"]
[PlyCount "121"]
[EventDate "2012.01.02"]

1. e4 c5 2. Nf3 e6 3. d4 cxd4 4. Nxd4 a6 5. Nc3 Qc7 6. Bd3 Nf6 7. O-O Nc6 8.
Be3 Be7 9. Kh1 O-O 10. f4 d6 11. Qf3 Bd7 12. Rae1 e5 13. Nf5 Bxf5 14. exf5 exf4
15. Bxf4 Ne5 16. Qe2 h6 17. h3 Qb6 18. Bxe5 dxe5 19. Qxe5 Qxb2 20. Qxe7 Qxc3
21. Qxb7 a5 22. Qb3 Qc7 23. Qc4 Qd6 24. Qf4 Qa3 25. Ra1 Rab8 26. Rfe1 Rb2 27.
Qd4 Rxa2 28. Rxa2 Qxa2 29. Ra1 Qd5 30. Qxd5 Nxd5 31. Rxa5 Nb4 32. Re5 Rd8 33.
Re3 Rc8 34. Re2 Rd8 35. Bc4 Rc8 36. Bb3 Kf8 37. Kg1 h5 38. g4 hxg4 39. hxg4 Nc6
40. Re4 Rd8 41. Ba4 Rd6 42. Kf2 g6 43. fxg6 fxg6 44. Bxc6 Rxc6 45. c4 Kf7 46.
Ke3 Kf6 47. Kd4 g5 48. Kd5 Rc8 49. Re6+ Kf7 50. Re5 Kg6 51. c5 Rd8+ 52. Kc4 Rc8
53. Re4 Kf6 54. Kb5 Rb8+ 55. Ka6 Ra8+ 56. Kb7 Ra1 57. c6 Rb1+ 58. Kc8 Rc1 59.
c7 Rc2 60. Rb4 Ke7 61. Kb8 1-0

[Event "Open A Befana"]
[Site "Milano ITA"]
[Date "2012.01.06"]
[Round "6"]
[White "Bemporad, Filippo"]
[Black "Montani, Francesco"]
[Result "1-0"]
[WhiteElo "2055"]
[BlackElo "2209"]
[PlyCount "91"]
[EventDate "2012.01.02"]

1. d4 d5 2. Nf3 Nf6 3. g3 Bg4 4. Bg2 Nbd7 5. O-O e6 6. b3 Bd6 7. Bb2 O-O 8. c4
c6 9. Nbd2 Qb8 10. Re1 e5 11. cxd5 Nxd5 12. dxe5 Nxe5 13. Ne4 Bc7 14. Qd4 Re8
15. Nc3 Nf6 16. Na4 Rd8 17. Qc5 Bxf3 18. Bxf3 Nxf3+ 19. exf3 Rd5 20. Qe7 Bd6
21. Qe2 Qf8 22. Nc3 Re8 23. Nxd5 Rxe2 24. Nxf6+ gxf6 25. Rxe2 Be5 26. Bxe5 fxe5
27. Rxe5 Qa3 28. Re2 a5 29. Rd1 a4 30. Rd3 b5 31. Kg2 c5 32. h4 Kg7 33. Rd7
axb3 34. Ree7 c4 35. Rxf7+ Kg6 36. axb3 c3 37. Rfe7 Kf6 38. Re2 Qc5 39. Rd1 h5
40. Rc2 b4 41. Re2 Qa7 42. Re4 Qa3 43. Rd6+ Kf7 44. Rc4 Qxb3 45. Rc7+ Ke8 46.
Rh6 1-0

[Event "Open A Befana"]
[Site "Milano ITA"]
[Date "2012.01.06"]
[Round "6"]
[White "Cani, Gazmir"]
[Black "Gonella, Daniele"]
[Result "1-0"]
[WhiteElo "2150"]
[BlackElo "2100"]
[PlyCount "45"]
[EventDate "2012.01.02"]

1. d4 d5 2. c4 e6 3. Nf3 Nf6 4. g3 Be7 5. Bg2 O-O 6. O-O dxc4 7. Qc2 c5 8. dxc5
Bxc5 9. Nbd2 Qe7 10. Nxc4 Nc6 11. a3 Rd8 12. b4 Nd4 13. Nxd4 Bxd4 14. Rb1 Nd5
15. e3 Bf6 16. e4 Nc3 17. e5 Nxb1 18. exf6 Qxf6 19. Qxb1 Qc3 20. Na5 Rb8 21.
Bb2 Qc7 22. Qe4 Bd7 23. Be5 1-0

[Event "Open A Befana"]
[Site "Milano ITA"]
[Date "2012.01.06"]
[Round "6"]
[White "Marholev, Dimitar"]
[Black "Miracola, Massimiliano"]
[Result "1/2-1/2"]
[WhiteElo "2370"]
[BlackElo "2084"]
[PlyCount "43"]
[EventDate "2012.01.02"]

1. e4 c5 2. Nc3 d6 3. Nge2 Nf6 4. d4 cxd4 5. Nxd4 g6 6. Be2 Bg7 7. h4 Nc6 8.
Nb3 Be6 9. h5 Nxh5 10. Bxh5 gxh5 11. Nd5 Rc8 12. c3 Ne5 13. Qxh5 Nd3+ 14. Kf1
Bxd5 15. Qxd5 Nxc1 16. Rxc1 Qb6 17. Kg1 Be5 18. Rf1 e6 19. Qa5 Qc6 20. f4 Bf6
21. Nd2 Bd8 22. Qb4 1/2-1/2

[Event "Open A Befana"]
[Site "Milano ITA"]
[Date "2012.01.06"]
[Round "6"]
[White "Nicolo', Filippo"]
[Black "Cantu', Guido"]
[Result "1-0"]
[WhiteElo "2049"]
[BlackElo "1914"]
[PlyCount "61"]
[EventDate "2012.01.02"]

1. e4 c5 2. Nc3 Nc6 3. Bb5 g6 4. Bxc6 dxc6 5. d3 Bg7 6. f4 c4 7. Nf3 cxd3 8.
cxd3 Bg4 9. O-O Qb6+ 10. Kh1 O-O-O 11. h3 h5 12. hxg4 hxg4+ 13. Nh2 Nf6 14. g3
Rh5 15. Kg2 Rdh8 16. Nxg4 Nxg4 17. Qxg4+ Kb8 18. Nd1 Rh2+ 19. Kf3 Bd4 20. f5
Qb5 21. Qf4+ Ka8 22. Be3 Be5 23. Qg4 Qxd3 24. Nf2 Qd6 25. Rad1 Qc7 26. Rh1 gxf5
27. exf5 Rxh1 28. Rxh1 Rd8 29. Rd1 Rh8 30. Qa4 a6 31. Bf4 1-0

[Event "Open A Befana"]
[Site "Milano ITA"]
[Date "2012.01.06"]
[Round "6"]
[White "Petrone, Gianmario"]
[Black "Nepi, Ezio"]
[Result "1/2-1/2"]
[WhiteElo "1933"]
[BlackElo "1934"]
[PlyCount "43"]
[EventDate "2012.01.02"]

1. e4 c5 2. Nf3 d6 3. d4 cxd4 4. Nxd4 Nf6 5. Nc3 Nc6 6. Bc4 e5 7. Nb3 Be6 8.
Bxe6 fxe6 9. O-O Be7 10. Bg5 O-O 11. Qd2 a5 12. a4 Rc8 13. f3 Nb4 14. Rac1 Nh5
15. Bxe7 Qxe7 16. Ne2 b6 17. c3 Nc6 18. Rcd1 Rcd8 19. Qe3 Rb8 20. Qd3 Rfd8 21.
f4 Nxf4 22. Nxf4 1/2-1/2

[Event "Open A Befana"]
[Site "Milano ITA"]
[Date "2012.01.06"]
[Round "6"]
[White "Swannie, Douglas"]
[Black "Astengo, Marcello"]
[Result "1-0"]
[WhiteElo "1932"]
[BlackElo "2030"]
[PlyCount "59"]
[EventDate "2012.01.02"]

1. d4 d5 2. c4 c6 3. Nf3 e6 4. e3 Nf6 5. b3 Be7 6. Bb2 O-O 7. Nc3 Nbd7 8. Bd3
b6 9. Qc2 Bb7 10. O-O Rc8 11. Ne5 Qc7 12. Rac1 Rfd8 13. Qe2 Qb8 14. cxd5 exd5
15. f4 c5 16. Rf3 Ne4 17. Rh3 Nf8 18. Nxe4 dxe4 19. Bc4 Bd5 20. Bxd5 Rxd5 21.
Qh5 g6 22. Qh6 cxd4 23. Re1 Qd6 24. Nc4 Qb4 25. Re2 b5 26. Ba3 bxc4 27. Bxb4
Bxb4 28. exd4 c3 29. f5 Rxd4 30. f6 1-0

[Event "Open A Befana"]
[Site "Milano ITA"]
[Date "2012.01.06"]
[Round "6"]
[White "Vuelban, Virgilio"]
[Black "Bozzali, Ermanno"]
[Result "1/2-1/2"]
[WhiteElo "2347"]
[BlackElo "2110"]
[PlyCount "39"]
[EventDate "2012.01.02"]

1. e4 c5 2. Nf3 d6 3. d4 cxd4 4. Nxd4 Nf6 5. Nc3 a6 6. Be3 e5 7. Nb3 Be6 8. f3
Be7 9. Qd2 O-O 10. O-O-O b5 11. g4 Nbd7 12. Rg1 b4 13. Na4 Qb8 14. Kb1 Rc8 15.
Qf2 Bd8 16. g5 Nh5 17. f4 exf4 18. Bxf4 Nxf4 19. Qxf4 Ne5 20. Nd4 1/2-1/2

[Event "Open A Befana"]
[Site "Milano ITA"]
[Date "2012.01.06"]
[Round "6"]
[White "Zufic, Miroslav"]
[Black "Fercec, Nenad"]
[Result "1/2-1/2"]
[WhiteElo "2427"]
[BlackElo "2462"]
[PlyCount "20"]
[EventDate "2012.01.02"]

1. c4 c5 2. Nc3 Nc6 3. Nf3 Nf6 4. g3 g6 5. Bg2 Bg7 6. O-O O-O 7. e4 d6 8. h3 a6
9. d3 Rb8 10. Bd2 Bd7 1/2-1/2

[Event "Open A Befana"]
[Site "Milano ITA"]
[Date "2012.01.07"]
[Round "7"]
[White "Astengo, Corrado"]
[Black "Vuelban, Virgilio"]
[Result "1/2-1/2"]
[WhiteElo "2109"]
[BlackElo "2347"]
[PlyCount "109"]
[EventDate "2012.01.02"]

1. e4 e6 2. d4 d5 3. Nd2 Nc6 4. Ngf3 Nf6 5. e5 Nd7 6. Bb5 Be7 7. O-O O-O 8. Re1
a6 9. Bxc6 bxc6 10. Nb3 a5 11. a4 c5 12. Bd2 c6 13. dxc5 Nxc5 14. Nxc5 Bxc5 15.
Bc3 Bb4 16. Bxb4 axb4 17. Nd4 c5 18. Nb5 Bd7 19. Qd3 Qb8 20. b3 Bxb5 21. Qxb5
Qc7 22. h4 Ra5 23. Qe2 Rc8 24. Qg4 c4 25. Re3 Rc5 26. Rae1 Qe7 27. h5 cxb3 28.
Rg3 g6 29. cxb3 Rc1 30. Rxc1 Rxc1+ 31. Kh2 Rc3 32. Rh3 Rxh3+ 33. Kxh3 Qc5 34.
Qf4 Kf8 35. Qf6 Ke8 36. hxg6 hxg6 37. Qh8+ Kd7 38. Qb8 d4 39. a5 d3 40. Qb7+
Ke8 41. a6 d2 42. a7 d1=Q 43. a8=Q+ Qd8 44. Qa4+ Kf8 45. Qaxb4 Qd3+ 46. Kh2
Qxb4 47. Qxb4+ Kg7 48. Qc4 Qd2 49. Qh4 g5 50. Qg3 Kf8 51. Qe3 Qb4 52. Qxg5 Qxb3
53. Qd8+ Kg7 54. Qg5+ Kf8 55. Qd8+ 1/2-1/2

[Event "Open A Befana"]
[Site "Milano ITA"]
[Date "2012.01.07"]
[Round "7"]
[White "Bozzali, Ermanno"]
[Black "Cani, Gazmir"]
[Result "0-1"]
[WhiteElo "2110"]
[BlackElo "2150"]
[PlyCount "72"]
[EventDate "2012.01.02"]

1. d4 Nf6 2. c4 c5 3. d5 e6 4. Nc3 exd5 5. cxd5 Bd6 6. g3 O-O 7. Bg2 Re8 8. Nf3
Bf8 9. O-O d6 10. Nd2 Na6 11. Nc4 Rb8 12. Nb5 Nc7 13. Nxa7 Bf5 14. Nb6 Na6 15.
Qb3 Nb4 16. a3 Nc2 17. Be3 Nxa1 18. Rxa1 Bc2 19. Qb5 Ng4 20. Bd2 Qf6 21. Rf1
Bf5 22. h3 Ne5 23. f4 Nd7 24. Bc3 Qd8 25. Nc4 Rxe2 26. Bf3 Re8 27. g4 Bd3 28.
Rf2 Ra8 29. Qxb7 Bxc4 30. Nc6 Qc8 31. Qxc8 Raxc8 32. g5 g6 33. Bg4 Bxd5 34.
Bxd7 Bxc6 35. Bxc8 Rxc8 36. Re2 Re8 0-1

[Event "Open A Befana"]
[Site "Milano ITA"]
[Date "2012.01.07"]
[Round "7"]
[White "Cantu', Guido"]
[Black "Petrone, Gianmario"]
[Result "1/2-1/2"]
[WhiteElo "1914"]
[BlackElo "1933"]
[PlyCount "37"]
[EventDate "2012.01.02"]

1. e4 c5 2. Nf3 d6 3. d4 cxd4 4. Nxd4 Nf6 5. Nc3 a6 6. Be3 e5 7. Nb3 Be6 8. f3
Nbd7 9. Qd2 Nb6 10. O-O-O Be7 11. g4 Rc8 12. g5 Nh5 13. Kb1 Qc7 14. Nd5 Nxd5
15. exd5 Bf5 16. Bd3 Bxd3 17. Qxd3 O-O 18. Rhg1 b5 19. c3 1/2-1/2

[Event "Open A Befana"]
[Site "Milano ITA"]
[Date "2012.01.07"]
[Round "7"]
[White "Cazzaniga, Walter"]
[Black "Gongalov, Bojan"]
[Result "1-0"]
[WhiteElo "2128"]
[BlackElo "2105"]
[PlyCount "67"]
[EventDate "2012.01.02"]

1. d4 Nf6 2. c4 g6 3. Nc3 d5 4. Nf3 Bg7 5. Qb3 dxc4 6. Qxc4 O-O 7. e4 Na6 8.
Qa4 Bd7 9. Bb5 Qe8 10. Bxd7 Nxd7 11. O-O c5 12. d5 Nb4 13. Qd1 Nb6 14. a3 Na6
15. Qe2 Na4 16. e5 Nxc3 17. bxc3 c4 18. Qxc4 Rc8 19. Qd4 Qb5 20. Bg5 Rc4 21. a4
Qb3 22. Rfb1 Rxd4 23. Rxb3 Rxd5 24. Rxb7 f6 25. exf6 exf6 26. Be3 Rfd8 27. g3
Nc5 28. Rxa7 Ne4 29. Nd4 R8d6 30. Nb5 Rc6 31. Bd4 Nd2 32. Kg2 Nb3 33. Re1 Bf8
34. Re8 1-0

[Event "Open A Befana"]
[Site "Milano ITA"]
[Date "2012.01.07"]
[Round "7"]
[White "Doric, Nenad"]
[Black "Miracola, Massimiliano"]
[Result "1-0"]
[WhiteElo "2327"]
[BlackElo "2084"]
[PlyCount "67"]
[EventDate "2012.01.02"]

1. Nf3 Nf6 2. g3 g6 3. b3 Bg7 4. Bb2 O-O 5. Bg2 d6 6. d4 e5 7. dxe5 Nfd7 8. Nc3
dxe5 9. Qd2 c6 10. O-O-O a5 11. Ne4 a4 12. Nxe5 axb3 13. axb3 Qe7 14. Nc4 Bxb2+
15. Kxb2 f5 16. Ned6 b5 17. Ne3 Nb6 18. Nxb5 cxb5 19. Bxa8 Qe5+ 20. Qc3 Qxc3+
21. Kxc3 Nxa8 22. Rd6 Bb7 23. Rhd1 Nc6 24. Nd5 Rc8 25. Nb4 Ne5+ 26. Kb2 Kf8 27.
Rd8+ Ke7 28. Rxc8 Bxc8 29. Rd5 Ng4 30. Rxb5 Nc7 31. Rb8 Kd7 32. Nd3 Nxh2 33. c4
Ng4 34. b4 1-0

[Event "Open A Befana"]
[Site "Milano ITA"]
[Date "2012.01.07"]
[Round "7"]
[White "Gonella, Daniele"]
[Black "Virzi, Ettore"]
[Result "1-0"]
[WhiteElo "2100"]
[BlackElo "1960"]
[PlyCount "173"]
[EventDate "2012.01.02"]

1. e4 e5 2. Bc4 Nc6 3. Nf3 Nf6 4. Qe2 Be7 5. d3 d6 6. h3 a6 7. c3 Na5 8. Bb3
Nxb3 9. axb3 O-O 10. g4 Re8 11. Nbd2 Bf8 12. Nf1 d5 13. Ng3 dxe4 14. dxe4 Be6
15. b4 b5 16. Bg5 Bc4 17. Qe3 Qd3 18. Nd2 Qxe3+ 19. Bxe3 Be6 20. Ke2 Nd7 21.
Nf5 c5 22. bxc5 Nxc5 23. Bxc5 Bxc5 24. b4 Bb6 25. Nd6 Red8 26. Nb7 Rd7 27. Na5
Bxf2 28. Nf3 Bg3 29. Ng5 Rc8 30. Nxe6 fxe6 31. Rac1 Bf4 32. Rc2 Rdc7 33. Kd3
Rd7+ 34. Ke2 Rdc7 35. Kd3 Rd8+ 36. Ke2 Rd6 37. Rd1 Rxd1 38. Kxd1 Be3 39. Ke2
Bd4 40. Kd3 Bb6 41. Nb3 Rd7+ 42. Ke2 Rf7 43. Rd2 Rf2+ 44. Kd3 Kf7 45. Rxf2+
Bxf2 46. Nd2 Ke7 47. Nf3 Bg3 48. c4 bxc4+ 49. Kxc4 Kd6 50. Kd3 Kc6 51. Ng5 h6
52. Nxe6 g6 53. Kc4 Bf2 54. Nf8 g5 55. Nh7 a5 56. bxa5 Be1 57. Nf6 Bxa5 58. Ng8
Kd6 59. Nxh6 Bd2 60. Kd3 Bc1 61. Kc2 Bf4 62. Nf5+ Ke6 63. Kd3 Bc1 64. Ke2 Kf6
65. Kf3 Bd2 66. Ne3 Ke6 67. Nf1 Bc3 68. Ke2 Bd4 69. Nh2 Bb2 70. Kf2 Bc1 71. Nf3
Kf6 72. Kg2 Be3 73. h4 gxh4 74. Kh3 Bg5 75. Nxh4 Bf4 76. Nf3 Kg6 77. Kh4 Kh6
78. g5+ Kg6 79. Kg4 Bc1 80. Nxe5+ Kg7 81. Kf5 Bb2 82. Ng4 Bc3 83. Nf6 Bb2 84.
Nd5 Bd4 85. Nf4 Bb2 86. e5 Bc3 87. Ne6+ 1-0

[Event "Open A Befana"]
[Site "Milano ITA"]
[Date "2012.01.07"]
[Round "7"]
[White "Guzzetti, Luigi Enrico"]
[Black "Motola, Jacopo"]
[Result "1-0"]
[WhiteElo "1905"]
[BlackElo "1945"]
[PlyCount "55"]
[EventDate "2012.01.02"]

1. e4 c5 2. Nf3 d6 3. d4 cxd4 4. Nxd4 Nf6 5. Nc3 a6 6. Be2 e5 7. Nb3 Be7 8. Be3
Be6 9. O-O O-O 10. Qd2 b5 11. f3 Nbd7 12. a3 Rc8 13. a4 b4 14. Nd5 a5 15. Nxe7+
Qxe7 16. Nxa5 d5 17. exd5 Nxd5 18. Rfc1 Nc5 19. Bc4 Nxe3 20. Bxe6 Nxc2 21. Bxc8
Nxa1 22. Nc6 Qc7 23. Rxc5 Qb6 24. Qxb4 Qc7 25. Rc1 Re8 26. Rxa1 Qxc6 27. Bb7
Qc7 28. a5 1-0

[Event "Open A Befana"]
[Site "Milano ITA"]
[Date "2012.01.07"]
[Round "7"]
[White "Lanzani, Mario"]
[Black "Pelizzola, Danilo"]
[Result "1-0"]
[WhiteElo "2347"]
[BlackElo "1963"]
[PlyCount "70"]
[EventDate "2012.01.02"]

1. d4 Nf6 2. c4 e6 3. g3 c5 4. d5 exd5 5. cxd5 d6 6. Nc3 g6 7. Bg2 Bg7 8. Nf3
O-O 9. O-O Re8 10. Nd2 Nbd7 11. h3 a6 12. a4 b6 13. Nc4 Ne5 14. Na3 Qc7 15. f4
Ned7 16. Qd3 Bb7 17. Nc4 Rad8 18. Bd2 Bc8 19. Rae1 Qb8 20. Kh2 b5 21. axb5 axb5
22. Na5 c4 23. Qc2 Nc5 24. Nc6 Qb7 25. Nxd8 Rxd8 26. e4 Nd3 27. Re3 b4 28. Nd1
Qb5 29. b3 Ba6 30. bxc4 Qxc4 31. Qxc4 Bxc4 32. Rff3 Nc5 33. Bxb4 Ncxe4 34. Re1
Bxd5 35. Rfe3 h5 1-0

[Event "Open A Befana"]
[Site "Milano ITA"]
[Date "2012.01.07"]
[Round "7"]
[White "Marholev, Dimitar"]
[Black "Bemporad, Filippo"]
[Result "1-0"]
[WhiteElo "2370"]
[BlackElo "2055"]
[PlyCount "93"]
[EventDate "2012.01.02"]

1. e4 c5 2. Nc3 d6 3. Nge2 Nf6 4. d4 cxd4 5. Nxd4 a6 6. Be3 e5 7. Nf3 Be7 8.
Bc4 O-O 9. O-O Qc7 10. Bb3 Nbd7 11. Bg5 Rb8 12. Nh4 Nc5 13. Nf5 Bxf5 14. exf5
Nxb3 15. axb3 Rbc8 16. Ra4 b5 17. Rxa6 b4 18. Bxf6 bxc3 19. Bxe7 Qxe7 20. bxc3
Rxc3 21. Rxd6 Rfc8 22. Rd2 h6 23. Qe2 Qg5 24. Re1 f6 25. Red1 Kh7 26. Qe4 h5
27. h4 Qf4 28. Qxf4 exf4 29. Rd4 Rxc2 30. Rxf4 Rb2 31. b4 Rb8 32. Rdd4 Rb7 33.
Kh2 Ra7 34. g3 Rc7 35. Kg2 Rc3 36. Rc4 Ra3 37. Rc8 Ra4 38. Rb8 Ra3 39. Rb7 Rc3
40. g4 hxg4 41. Rxg4 Rcc2 42. Rgxg7+ Kh8 43. Rh7+ Kg8 44. Rhd7 Rxf2+ 45. Kg3
Rg2+ 46. Kf3 Rgf2+ 47. Kg4 1-0

[Event "Open A Befana"]
[Site "Milano ITA"]
[Date "2012.01.07"]
[Round "7"]
[White "Montani, Francesco"]
[Black "Nicolo', Filippo"]
[Result "1-0"]
[WhiteElo "2209"]
[BlackElo "2049"]
[PlyCount "63"]
[EventDate "2012.01.02"]

1. e4 e5 2. Nf3 Nc6 3. g3 Bc5 4. Bg2 d6 5. c3 Bg4 6. h3 Bh5 7. d3 Nf6 8. b4 Bb6
9. Nbd2 O-O 10. O-O Re8 11. a4 a6 12. Nc4 Ba7 13. b5 Ne7 14. g4 Bg6 15. bxa6
bxa6 16. Qe2 Rb8 17. Nh4 Rb3 18. Qc2 Qb8 19. Ba3 Nc6 20. Nf5 Nd7 21. Rab1 Rxb1
22. Rxb1 Qd8 23. Nce3 h5 24. gxh5 Bxh5 25. Nd5 Nf8 26. Rb7 Ne6 27. Bc1 g5 28.
Be3 Bxe3 29. fxe3 Kh7 30. Qf2 Nc5 31. Rxc7 Nxd3 32. Qf1 1-0

[Event "Open A Befana"]
[Site "Milano ITA"]
[Date "2012.01.07"]
[Round "7"]
[White "Nepi, Ezio"]
[Black "Swannie, Douglas"]
[Result "1-0"]
[WhiteElo "1934"]
[BlackElo "1932"]
[PlyCount "81"]
[EventDate "2012.01.02"]

1. d4 d5 2. c4 e6 3. Nc3 Nf6 4. cxd5 exd5 5. Bg5 Bf5 6. Bxf6 gxf6 7. Qb3 Nc6 8.
e3 Nb4 9. Rc1 Bc2 10. Rxc2 Nxc2+ 11. Qxc2 c6 12. Bd3 h6 13. Nge2 Rg8 14. Nf4
Bd6 15. Nce2 Qa5+ 16. Kf1 Qxa2 17. g3 Qa5 18. Kg2 Qb6 19. Bf5 a5 20. Bh3 Ke7
21. Qf5 Rad8 22. Nh5 Rg6 23. Re1 Qb4 24. Kf1 Qc4 25. Kg1 Qb4 26. Kf1 Qc4 27.
Rc1 Qb5 28. Rc2 a4 29. Kg2 Qb4 30. Qd3 a3 31. bxa3 Qxa3 32. Rc3 Qa6 33. Qc2 Bb4
34. Rb3 Bd6 35. Qf5 b5 36. Nef4 Bxf4 37. exf4 Rd6 38. Re3+ Kd8 39. Qc2 b4 40.
Qc5 f5 41. Bxf5 1-0